"Системная инженерия", как базовая дисциплина при подготовке магистров по направлению 141100.68 "Энергетическое машиностроение"; Теплофизические основы энергетических технологий

Détails bibliographiques
Parent link:Теплофизические основы энергетических технологий.— 2013.— [С. 352-353]
Auteur principal: Заворин А. С. Александр Сергеевич
Collectivité auteur: Национальный исследовательский Томский политехнический университет (ТПУ) Энергетический институт (ЭНИН) Кафедра парогенераторостроения и парогенераторных установок (ПГС и ПГУ)
Autres auteurs: Тайлашева Т. С. Татьяна Сергеевна, Буваков К. В. Константин Владимирович
Résumé:Заглавие с экрана
Langue:russe
Publié: 2013
Collection:Круглый стол "Актуальные задачи подготовки кадров для энергетики"
Sujets:
Accès en ligne:http://earchive.tpu.ru/handle/11683/70197
http://www.lib.tpu.ru/fulltext/c/2013/C02/088.pdf
Format: MixedMaterials Électronique Chapitre de livre
KOHA link:https://koha.lib.tpu.ru/cgi-bin/koha/opac-detail.pl?biblionumber=607832

MARC

LEADER 00000naa2a2200000 4500
001 607832
005 20260313142054.0
035 |a (RuTPU)RU\TPU\conf\5238 
035 |a RU\TPU\conf\5237 
090 |a 607832 
100 |a 20140902d2013 k y0rusy50 ca 
101 0 |a rus 
102 |a RU 
135 |a drcn ---uucaa 
181 0 |a i  
182 0 |a b 
200 1 |a "Системная инженерия", как базовая дисциплина при подготовке магистров по направлению 141100.68 "Энергетическое машиностроение"  |f А. С. Заворин, Т. С. Тайлашева, К. В. Буваков 
203 |a Текст  |c электронный 
215 |a 1 файл (283 Кб) 
225 1 |a Круглый стол "Актуальные задачи подготовки кадров для энергетики" 
300 |a Заглавие с экрана 
337 |a Adobe Reader 
463 1 |0 (RuTPU)RU\TPU\conf\4555  |t Теплофизические основы энергетических технологий  |o сборник научных трудов IV Всероссийской научно-практической конференции с международным участием, 10-12 октября 2013 г., Томск  |f Национальный исследовательский Томский политехнический университет (ТПУ), Энергетический институт (ЭНИН) ; под ред. Кузнецова [и др.]  |v [С. 352-353]  |d 2013 
610 1 |a электронный ресурс 
610 1 |a труды учёных ТПУ 
610 1 |a системная инженерия 
610 1 |a дисциплины 
610 1 |a подготовка 
610 1 |a магистры 
610 1 |a энергетическое машиностроение 
610 1 |a образовательные программы 
610 1 |a профессиональная деятельность 
700 1 |a Заворин  |b А. С.  |c специалист в области теплотехники  |c профессор Томского политехнического университета, доктор технических наук  |f 1946-  |g Александр Сергеевич  |3 (RuTPU)RU\TPU\pers\25896 
701 1 |a Тайлашева  |b Т. С.  |c специалист в области теплотехники  |c доцент Томского политехнического университета, кандидат технических наук  |f 1975-  |g Татьяна Сергеевна  |3 (RuTPU)RU\TPU\pers\25688  |9 11599 
701 1 |a Буваков  |b К. В.  |c специалист в области теплотехники  |c доцент Томского политехнического университета, кандидат технических наук  |f 1977-  |g Константин Владимирович  |3 (RuTPU)RU\TPU\pers\26023  |9 11870 
712 0 2 |a Национальный исследовательский Томский политехнический университет (ТПУ)  |b Энергетический институт (ЭНИН)  |b Кафедра парогенераторостроения и парогенераторных установок (ПГС и ПГУ)  |3 (RuTPU)RU\TPU\col\18681 
801 1 |a RU  |b 63413507  |c 20101016 
801 2 |a RU  |b 63413507  |c 20220321  |g RCR 
856 4 |u http://earchive.tpu.ru/handle/11683/70197 
856 4 |u http://www.lib.tpu.ru/fulltext/c/2013/C02/088.pdf 
942 |c BK